000 00403nam a2200145Ia 4500
008 230917s9999||||xx |||||||||||||| ||und||
040 _e168662
_aMAIN
041 _aEnglish
082 _a891.43301741 GN237N
100 _aगौरीनाथ
245 0 _aनाच के बाहर
260 _aदिल्ली
_bराधाकृष्ण
_c2002
300 _a138 पृ. p.
942 _cHN
999 _c129250
_d129250